01127nam a22002537a 450000500170000001000790001702000620009602000940015803500160025203500130026803500130028103500170029403700150031108200080032610000360033424500710037024600370044126000940047827000960057230000770066850000570074565000550080265000160085720200204150416.0 aHIN-102992-93 B-696021-066 पुस्तक मेला HIN-118121-22 c1500.00 ( दो खंड)a9788188457823 (सैट) c1500.00 ( दो खंड) पुस्तक मेलाa9788188457823 (सैट) aHN-75338-39 aHN-90467 aHN-90468 aB-696021-066 bDBAD / PUB aउ aसुशील कुमार aमहारथी कर्ण /cसुशील कुमार aMaharathi Karnabby Sushil Kumar aनई दिल्लीbकल्याणी शिक्षा परिषदc2017 a3320-21, जटवाड़ा, दरियागंजbनई दिल्लीe110002 a2 भाग (400पृ.;400पृ.)c22सेमी (सजिल्द) a2 भागों में प्रकाशित aहिन्दी कथा साहित्य aHindi Novel